Особенности емкостных чувствительных элементов датчика магнитного поля на основе цепочных наноагрегатов; Актуальные проблемы инновационного развития ядерных технологий. Проект "Прорыв"

Bibliografske podrobnosti
Parent link:Актуальные проблемы инновационного развития ядерных технологий. Проект "Прорыв".— 2015.— [С. 16]
Korporativna značnica: Национальный исследовательский Томский политехнический университет (ТПУ) Институт неразрушающего контроля (ИНК) Кафедра промышленной и медицинской электроники (ПМЭ)
Drugi avtorji: Зятьков Д. О. Денис Олегович, Юрченко А. В. Алексей Васильевич, Балашов В. Б., Юрченко В. И. Василий Иванович
Izvleček:Заглавие с титульного экрана
Jezik:ruščina
Izdano: 2015
Teme:
Online dostop:http://conference.ssti.ru/doc/АПИРЯТ%202015.pdf#page=16
Format: Elektronski Book Chapter
KOHA link:https://koha.lib.tpu.ru/cgi-bin/koha/opac-detail.pl?biblionumber=654646

MARC

LEADER 00000naa0a2200000 4500
001 654646
005 20250911094208.0
035 |a (RuTPU)RU\TPU\network\20282 
035 |a RU\TPU\network\8644 
090 |a 654646 
100 |a 20170510d2015 k||y0rusy50 ca 
101 0 |a rus 
102 |a RU 
135 |a drcn ---uucaa 
181 0 |a i  
182 0 |a b 
200 1 |a Особенности емкостных чувствительных элементов датчика магнитного поля на основе цепочных наноагрегатов  |f Д. О. Зятьков, А. В. Юрченко, В. Б. Балашов, В. И. Юрченко 
203 |a Текст  |c электронный 
300 |a Заглавие с титульного экрана 
320 |a [Библиогр.: с. 16 (2 назв.)] 
463 1 |t Актуальные проблемы инновационного развития ядерных технологий. Проект "Прорыв"  |o материалы конференции в рамках Научной сессии НИЯУ МИФИ, 24-28 февраля 2015 г., г. Северск  |f Национальный исследовательский ядерный университет "МИФИ" ; Сибирский химический комбинат (СХК) ; Сибирский технологический институт (СТИ)  |v [С. 16]  |d 2015 
610 1 |a труды учёных ТПУ 
610 1 |a электронный ресурс 
610 1 |a датчики 
610 1 |a магнитное поле 
610 1 |a емкостные элементы 
610 1 |a наноагрегаты 
701 1 |a Зятьков  |b Д. О.  |g Денис Олегович 
701 1 |a Юрченко  |b А. В.  |c физик  |c профессор Томского политехнического университета, доктор технических наук  |f 1974-  |g Алексей Васильевич  |3 (RuTPU)RU\TPU\pers\25599  |9 11528 
701 1 |a Балашов  |b В. Б. 
701 1 |a Юрченко  |b В. И.  |g Василий Иванович 
712 0 2 |a Национальный исследовательский Томский политехнический университет (ТПУ)  |b Институт неразрушающего контроля (ИНК)  |b Кафедра промышленной и медицинской электроники (ПМЭ)  |3 (RuTPU)RU\TPU\col\18719 
801 2 |a RU  |b 63413507  |c 20210330  |g RCR 
856 4 |u http://conference.ssti.ru/doc/АПИРЯТ%202015.pdf#page=16 
942 |c CF